Statistics for Common Knowledge #20

Click here to take the quiz!

General Stats

  • This quiz has been taken 498 times
  • The average score is 16 of 20

Answer Stats

HintAnswer% Correct
What do giant pandas primarily eat?Bamboo
94%
What comes between milli and nano?Micro
93%
What is the name of the fastest land animal?Cheetah
91%
Who is the CEO of Tesla Motors and Space X?Elon Musk
91%
What company did Bill Gates and Paul Allen found in 1975?Microsoft
90%
Which country has won the most men's soccer World Cups?Brazil
89%
2, 3, 7, 11, and 19 are all examples of what type of number?Prime
89%
In what activity can someone be "en pointe", which means standing on the very tips of their toes?Ballet
85%
Besides English, what language are U.S. astronauts required to know?Russian
82%
Who resigned as Apple CEO in 2011?Steve Jobs
80%
What is the only country in the world where some highways have no speed limit?Germany
78%
What is the name of the English soccer team that also means a collection of weapons?Arsenal
75%
What is the largest island in the Caribbean?Cuba
73%
What word, starting with m, refers to the season of heavy rain in India?Monsoon
73%
In what country did fortune cookies originate?United States
73%
What is the term for the smallest animal in a litter?Runt
68%
What is the tallest mountain in Africa?Kilimanjaro
66%
Who was the second person to walk on the Moon?Buzz Aldrin
61%
What is the Southern Hemisphere's equivalent to the Tropic of Cancer?Tropic of Capricorn
59%
What's another name for D sharp?E Flat
47%

Score Distribution

Percentile by Number Answered

Percent of People with Each Score

Your Score History

You have not taken this quiz